[Event "Politiken Cup 35th"]
[Site "Helsingor"]
[Date "2013.08.02"]
[Round "8"]
[White "Ancion, Merowig"]
[Black "Stray, Gunnar"]
[Result "1/2-1/2"]
[WhiteElo "1954"]
[BlackElo "2056"]
[PlyCount "100"]
[EventDate "2013.07.27"]
[EventType "swiss"]
[EventRounds "10"]
[EventCountry "DEN"]
[SourceTitle "CBM 155 Extra"]
[Source "ChessBase"]
[SourceDate "2013.08.26"]
[SourceVersion "1"]
[SourceVersionDate "2013.08.26"]
[SourceQuality "1"]

1. e4 c5 2. Nf3 e6 3. c3 Nf6 4. e5 Nd5 5. Bc4 d6 6. d4 cxd4 7. cxd4 Nc6 8. 0-0 Be7 9. Qe2 Nb6 10. Bb3 d5 11. Nc3 a6 12. Bc2 Bd7 13. b3 Rc8 14. Bd2 Nb4 15. Bb1 Nc6 16. a3 h6 17. Rc1 Na5 18. Bc2 Na8 19. Qe1 Nc6 20. b4 Nb6 21. Bd3 Na7 22. Nd1 Bb5 23. Bxb5+ axb5 24. Rxc8 Qxc8 25. Rc1 Qd7 26. Rc3 Nc4 27. Bc1 Nc8 28. Nb2 N8b6 29. h4 Qd8 30. g3 Na4 31. Nxa4 bxa4 32. Qd1 Qd7 33. Ne1 0-0 34. Qg4 Kh8 35. Ng2 Rc8 36. Qd1 Bf8 37. h5 Nb6 38. Qc2 Rxc3 39. Qxc3 Qc6 40. Qxc6 bxc6 41. Ne3 Be7 42. f4 Kg8 43. Kf2 Kf8 44. Nd1 Ke8 45. Nc3 Kd7 46. Kf3 f5 47. g4 Ke8 48. Ne2 Bh4 49. Nc3 Be1 50. Nd1 Nc4 1/2-1/2

[Event "Politiken Cup 35th"]
[Site "Helsingor"]
[Date "2013.08.01"]
[Round "7"]
[White "Christensen, Janus"]
[Black "Ancion, Merowig"]
[Result "0-1"]
[WhiteElo "2156"]
[BlackElo "1954"]
[PlyCount "38"]
[EventDate "2013.07.27"]
[EventType "swiss"]
[EventRounds "10"]
[EventCountry "DEN"]
[SourceTitle "CBM 155 Extra"]
[Source "ChessBase"]
[SourceDate "2013.08.26"]
[SourceVersion "1"]
[SourceVersionDate "2013.08.26"]
[SourceQuality "1"]

1. e4 e5 2. f4 exf4 3. Nf3 g5 4. Bc4 g4 5. Ne5 Qh4+ 6. Kf1 Nh6 7. d4 d6 8. Nd3 f3 9. Nf2 fxg2+ 10. Kxg2 Bg7 11. Bf4 Nc6 12. c3 0-0 13. Qd2 Na5 14. Bd3 f5 15. h3 fxe4 16. hxg4 Qf6 17. Bxh6 Qf3+ 18. Kg1 Qg3+ 19. Kf1 Bxh6 0-1

[Event "Politiken Cup 35th"]
[Site "Helsingor"]
[Date "2013.07.30"]
[Round "5"]
[White "Rydstrom, Tom"]
[Black "Ancion, Merowig"]
[Result "1-0"]
[WhiteElo "2172"]
[BlackElo "1954"]
[PlyCount "59"]
[EventDate "2013.07.27"]
[EventType "swiss"]
[EventRounds "10"]
[EventCountry "DEN"]
[SourceTitle "CBM 155 Extra"]
[Source "ChessBase"]
[SourceDate "2013.08.26"]
[SourceVersion "1"]
[SourceVersionDate "2013.08.26"]
[SourceQuality "1"]

1. e4 e5 2. Nf3 Nc6 3. Bc4 Nf6 4. Ng5 d5 5. exd5 Na5 6. Bb5+ c6 7. dxc6 bxc6 8. Qf3 Be7 9. Bxc6+ Nxc6 10. Qxc6+ Bd7 11. Qf3 0-0 12. Nc3 Ng4 13. Nh3 Rc8 14. d3 f5 15. 0-0 Bc6 16. Qe2 Qb6 17. Kh1 Bd6 18. f3 Nf6 19. Rb1 h6 20. Be3 Qc7 21. Bg1 g5 22. Qe3 Qg7 23. Bf2 g4 24. Ng1 Nh5 25. Nce2 f4 26. Qxa7 Rc7 27. Qa6 g3 28. Bb6 Bb7 29. Qb5 Rxc2 30. Qb3+ 1-0

[Event "Politiken Cup 35th"]
[Site "Helsingor"]
[Date "2013.07.29"]
[Round "4"]
[White "Ancion, Merowig"]
[Black "Kearsley, Raymond J"]
[Result "1-0"]
[WhiteElo "1954"]
[BlackElo "1764"]
[PlyCount "68"]
[EventDate "2013.07.27"]
[EventType "swiss"]
[EventRounds "10"]
[EventCountry "DEN"]
[SourceTitle "CBM 155 Extra"]
[Source "ChessBase"]
[SourceDate "2013.08.26"]
[SourceVersion "1"]
[SourceVersionDate "2013.08.26"]
[SourceQuality "1"]

1. e4 c5 2. Nf3 e6 3. c3 Nc6 4. d4 cxd4 5. cxd4 Nf6 6. Nc3 d5 7. e5 Ne4 8. Bd3 Bb4 9. 0-0 Nxc3 10. bxc3 Bxc3 11. Rb1 Qa5 12. Bb2 Bxb2 13. Rxb2 a6 14. h4 b5 15. Qc1 Qb6 16. Qg5 g6 17. Qf4 Qd8 18. Rc1 Na5 19. Qh6 Qe7 20. Qg7 Qf8 21. Qf6 Nc4 22. Rbb1 Rg8 23. a4 Bd7 24. axb5 axb5 25. Re1 Rb8 26. Ra1 Qe7 27. Qf4 Qd8 28. Ng5 Rg7 29. Rec1 b4 30. Bxc4 dxc4 31. d5 c3 32. dxe6 Bxe6 33. Nxe6 Qd2 34. Nxg7+ Kf8 1-0

[Event "Politiken Cup 35th"]
[Site "Helsingor"]
[Date "2013.07.28"]
[Round "2"]
[White "Ancion, Merowig"]
[Black "Torgersen, Markus"]
[Result "1-0"]
[WhiteElo "1954"]
[BlackElo "1737"]
[PlyCount "57"]
[EventDate "2013.07.27"]
[EventType "swiss"]
[EventRounds "10"]
[EventCountry "DEN"]
[SourceTitle "CBM 155 Extra"]
[Source "ChessBase"]
[SourceDate "2013.08.26"]
[SourceVersion "1"]
[SourceVersionDate "2013.08.26"]
[SourceQuality "1"]

1. e4 c6 2. d4 d5 3. Nc3 dxe4 4. f3 exf3 5. Nxf3 Bg4 6. Be3 e6 7. Bd3 Ne7 8. h3 Bf5 9. Ne4 Nd5 10. Bd2 Nd7 11. 0-0 Nb4 12. Qe1 Nxd3 13. cxd3 Be7 14. Qg3 Bg6 15. Nfg5 Nf6 16. Bc3 Nh5 17. Qe3 h6 18. Nf3 Nf6 19. Ne5 Bh7 20. Nc5 0-0 21. Nxb7 Qb6 22. Nc5 Rad8 23. Rae1 Bxc5 24. dxc5 Qa6 25. Rxf6 gxf6 26. Ng4 Qxd3 27. Nxh6+ Kg7 28. Qg5+ Qg6 29. Bxf6# 1-0

[Event "Liege Soultanbeieff op"]
[Site "Liege"]
[Date "2012.03.02"]
[Round "5"]
[White "Renard, Alain"]
[Black "Ancion, Merowig"]
[Result "1-0"]
[WhiteElo "1574"]
[BlackElo "1948"]
[PlyCount "37"]
[EventDate "2012.01.27"]
[EventType "swiss"]
[EventRounds "9"]
[EventCountry "BEL"]
[SourceTitle "EXT 2013"]
[Source "ChessBase"]
[SourceDate "2012.11.22"]
[SourceVersion "1"]
[SourceVersionDate "2012.11.22"]
[SourceQuality "1"]

1. e4 e5 2. Nf3 Nc6 3. Bc4 Nf6 4. d4 exd4 5. 0-0 Nxe4 6. Re1 d5 7. Bxd5 Qxd5 8. Nc3 Qa5 9. Nxe4 Be6 10. Nfg5 0-0-0 11. Nxe6 fxe6 12. Ng5 Rd5 13. Nxe6 Bb4 14. Re4 Re5 15. Qg4 Rxe4 16. Qxe4 Re8 17. Qg4 Qe5 18. Nxd4+ Kb8 19. Nxc6+ 1-0

[Event "Charleroi op"]
[Site "Charleroi"]
[Date "2011.08.03"]
[Round "6"]
[White "Truwant, Pieter"]
[Black "Ancion, Merowig"]
[Result "1-0"]
[WhiteElo "2021"]
[BlackElo "1864"]
[PlyCount "97"]
[EventDate "2011.07.30"]
[EventType "swiss"]
[EventRounds "9"]
[EventCountry "BEL"]
[SourceTitle "EXT 2012"]
[Source "ChessBase"]
[SourceDate "2011.11.24"]
[SourceVersion "1"]
[SourceVersionDate "2011.11.24"]
[SourceQuality "1"]

1. e4 e5 2. Nf3 Nc6 3. d4 exd4 4. Bc4 Nf6 5. e5 d5 6. Bb5 Ne4 7. Nxd4 Bd7 8. Bxc6 bxc6 9. 0-0 Bc5 10. f3 Ng5 11. f4 Ne6 12. c3 f5 13. Be3 0-0 14. Nd2 Nxd4 15. Bxd4 Be7 16. Nb3 a5 17. a4 Rf7 18. Re1 Be6 19. Nc5 Bxc5 20. Bxc5 g5 21. Qd2 gxf4 22. Qxf4 Rg7 23. Re3 Qg5 24. Qxg5 Rxg5 25. Rg3 Rxg3 26. hxg3 Kf7 27. Kf2 Kg6 28. Rh1 Re8 29. Ke3 Bc8 30. Kd4 Ba6 31. b4 Bc4 32. bxa5 h5 33. Re1 Kf7 34. Bb4 Re6 35. Ba3 Rg6 36. Re3 Ke6 37. Kc5 Kd7 38. e6+ Rxe6 39. Rxe6 Kxe6 40. Kxc6 Ke5 41. Bc1 Ke4 42. Bg5 Kd3 43. Bf6 Kc2 44. Kxc7 Kb3 45. Kb6 Kxa4 46. a6 d4 47. cxd4 Bd5 48. Kc5 Ba8 49. d5 1-0

[Event "BEL-ch op"]
[Site "Antwerp"]
[Date "2011.07.10"]
[Round "9.17"]
[White "Mollekens, Roeland"]
[Black "Ancion, Merowig"]
[Result "0-1"]
[WhiteElo "2054"]
[BlackElo "1864"]
[PlyCount "66"]
[EventDate "2011.07.02"]
[EventType "swiss"]
[EventRounds "9"]
[EventCountry "BEL"]
[SourceTitle "CBM 143 Extra"]
[Source "ChessBase"]
[SourceDate "2011.08.29"]
[SourceVersion "1"]
[SourceVersionDate "2011.08.29"]
[SourceQuality "1"]

1. e4 e5 2. Nf3 Nc6 3. Bc4 Nf6 4. d3 Be7 5. c3 0-0 6. 0-0 d6 7. b4 Be6 8. Nbd2 d5 9. Bb3 Bg4 10. Re1 d4 11. b5 dxc3 12. bxc6 cxd2 13. Qxd2 Bxf3 14. cxb7 Rb8 15. gxf3 Rxb7 16. Qc2 Nh5 17. Kh1 Bg5 18. Be3 Bf4 19. Rg1 Qh4 20. Rg2 Qh3 21. Rag1 c5 22. Bxf4 Nxf4 23. Rxg7+ Kh8 24. R7g3 Qh5 25. Qxc5 Rfb8 26. Qd6 Rb6 27. Qc7 Ne2 28. Rg5 Qxf3+ 29. R1g2 Rf8 30. Qe7 Rbb8 31. Qxe5+ f6 32. Qxb8 Rxb8 33. Bd1 fxg5 0-1